ACTA ANNUS I VOLUMEN I (Record n. 259513)
[ formato base ]
| 000 -LEADER | |
|---|---|
| fixed length control field | 01193nam a2200229Ia 4500 |
| 001 - CONTROL NUMBER | |
| control field | L060-277 |
| 003 - CONTROL NUMBER IDENTIFIER | |
| control field | IT-CnALBA |
| 008 - FIXED-LENGTH DATA ELEMENTS--GENERAL INFORMATION | |
| fixed length control field | 170116s9999||||xx |||||||||||||| ||und|| |
| 040 ## - CATALOGING SOURCE | |
| Original cataloging agency | IT-CnALBA |
| Transcribing agency | IT-CnALBA |
| 041 ## - LANGUAGE CODE | |
| Language code of text/sound track or separate title | ITALIANO |
| 999 ## - SYSTEM CONTROL NUMBERS (KOHA) | |
| Koha Dewey Subclass [OBSOLETE] | SI |
| 100 ## - MAIN ENTRY--PERSONAL NAME | |
| Personal name | AA. VV. |
| 245 #0 - TITLE STATEMENT | |
| Title | ACTA ANNUS I VOLUMEN I |
| 250 ## - EDITION STATEMENT | |
| Edition statement | 1a ed. |
| 260 ## - PUBLICATION, DISTRIBUTION, ETC. (IMPRINT) | |
| Place of publication, distribution, etc. | VATICANO |
| Name of publisher, distributor, etc. | EX AEDIBUS ACADEMICIS IN CIVITATE VATIC' |
| Date of publication, distribution, etc. | 1937 [1° Ed.:1937 - Ed.Ling.Originale: 1937] |
| 300 ## - PHYSICAL DESCRIPTION | |
| Extent | 106 p. |
| 500 ## - GENERAL NOTE | |
| General note | PONTIFICIA ACADEMIA SCIENTIARUM. TAVOLE FUORI TESTO. ILLUSTRAZIONI. ASFERICITA' DI UNA SUPERFICIE IN UN PUNTO ORDINARIO. VIRUS TUBERCULARIS ED ESOTUBERCOLINA SPENTA. STORIA DELLA STATISTICA. METODO STATISTICO IN BIOLOGIA. DINAMICA DEI FLUIDI COMPRESSIBILI |
| 501 ## - WITH NOTE | |
| With note | Società San Paolo EM - Piazza San Paolo, 14 - 12051 ALBA (CN) (non commercial uses only) ® Copyright 2017 |
| 520 ## - SUMMARY, ETC. | |
| Summary, etc. | PONTIFICIA ACADEMIA SCIENTIARUM. TAVOLE FUORI TESTO. ILLUSTRAZIONI. ASFERICITA' DI UNA SUPERFICIE IN UN PUNTO ORDINARIO. VIRUS TUBERCULARIS ED ESOTUBERCOLINA SPENTA. STORIA DELLA STATISTICA. METODO STATISTICO IN BIOLOGIA. DINAMICA DEI FLUIDI COMPRESSIBILI |
| 650 ## - SUBJECT ADDED ENTRY--TOPICAL TERM | |
| Topical term or geographic name as entry element | ORGANIZZAZIONI GENERALI |
| 942 ## - ADDED ENTRY ELEMENTS (KOHA) | |
| Koha item type | LIBRO |
| 957 ## - | |
| -- | 1 |
| 999 ## - SYSTEM CONTROL NUMBERS (KOHA) | |
| -- | Copie: 1 |
| Withdrawn status | Lost status | Damaged status | Not for loan | Home library | Current library | Date acquired | Total Checkouts | Full call number | Date last seen | Price effective from | Koha item type | Public note |
|---|---|---|---|---|---|---|---|---|---|---|---|---|
| Buone Condizioni | Not For Loan | ALBA - Biblioteca | ALBA - Biblioteca | 16/01/2017 | L060-277 | 16/01/2017 | 16/01/2017 | LIBRO | (data import: 16 gennaio 2017) - By Epidotti, Vaglietti. |